| 000 | 00607nam a2200205Ia 4500 | ||
|---|---|---|---|
| 003 | OSt | ||
| 005 | 20251031114139.0 | ||
| 008 | 210210b2003 xxu||||| |||| 00| 0 eng d | ||
| 040 | _cAL | ||
| 041 | _akan | ||
| 082 | _aK894.301PRAK | ||
| 100 |
_aPRABHAKARA SHISHILA (B). _9166437 _dಪ್ರಭಾಕರ ಶಿಶಿಲ (ಬಿ) |
||
| 245 |
_aKapilalliya kathegalu: _bಕಪಿಲಳ್ಳಿಯ ಕಥೆಗಳು |
||
| 260 |
_aPutturu _bKarnataka Sangha _c2003 |
||
| 300 | _a96 | ||
| 650 |
_aKannada short stories _9166438 |
||
| 690 |
_aKannada Fiction _9166439 |
||
| 906 | _a059940 | ||
| 942 |
_2ddc _cBK |
||
| 999 |
_c106778 _d106778 |
||